000 00289nam a2200121Ia 4500
005 20251222141810.0
008 251222s9999||||xx |||||||||||||| ||spa||
082 _a378.985/M86
100 _aMora T., Jaime Felix
245 0 _aAlternativas Hacia el Futuro
264 _bNoriega
942 _cLIB
999 _c6434
_d6434